Scottish Flood Forum (Record no. 120788)

MARC details
000 -LEADER
fixed length control field 00744cai a22001815a 4500
001 - CONTROL NUMBER
control field E147477
008 - FIXED-LENGTH DATA ELEMENTS--GENERAL INFORMATION
fixed length control field 090514u xxk g 000 0 eng d
035 ## - SYSTEM CONTROL NUMBER
System control number (Sirsi) u147477
041 0# - LANGUAGE CODE
Language code of text/sound track or separate title eng
110 2# - MAIN ENTRY--CORPORATE NAME
Corporate name or jurisdiction name as entry element Scottish Flood Forum
245 00 - TITLE STATEMENT
Title Scottish Flood Forum
520 ## - SUMMARY, ETC.
Summary, etc. Website for the Scottish Flood Forum, which was set up by the National Flood Forum and is supported by the Scottish Environment Protection Agency. Includes a blog, news and details of forthcoming events.
590 ## - LOCAL NOTE (RLIN)
Local note KA
651 #4 - SUBJECT ADDED ENTRY--GEOGRAPHIC NAME
Geographic name Scotland
Chronological subdivision 1999-
690 ## - LOCAL SUBJECT ADDED ENTRY--TOPICAL TERM (OCLC, RLIN)
Topical term or geographic name as entry element ENVIRONMENTAL AND LAND CONSULTANCY-WATER RESOURCE MANAGEMENT-FLOODING
856 40 - ELECTRONIC LOCATION AND ACCESS
Uniform Resource Identifier <a href="https://www.scottishfloodforum.org">https://www.scottishfloodforum.org</a>
Public note View the website free of charge at www.scottishfloodforum.org...
942 ## - ADDED ENTRY ELEMENTS (KOHA)
Suppress in OPAC 0
Holdings
Withdrawn status Lost status Source of classification or shelving scheme Damaged status Not for loan Home library Current library Shelving location Date acquired Total Checkouts Full call number Barcode Date last seen Copy number Price effective from Koha item type
    Dewey Decimal Classification     Virtual Virtual Online 14/05/2009   WEBSITE 147477-2001 06/08/2019 1 06/08/2019 Book